Library Logo

اسلحۂ جنگ / (Record no. 239402)

000 -LEADER
fixed length control field 00469nam a22001697a 4500
003 - CONTROL NUMBER IDENTIFIER
control field BD-DhUL
005 - DATE AND TIME OF LATEST TRANSACTION
control field 20180319152657.0
008 - FIXED-LENGTH DATA ELEMENTS--GENERAL INFORMATION
fixed length control field 180319s1954 pk ||||| |||| 00| 0 urd d
040 ## - CATALOGING SOURCE
Original cataloging agency BD-DhUL
Transcribing agency BD-DhUL
082 ## - DEWEY DECIMAL CLASSIFICATION NUMBER
Classification number 320
Item number AKA
100 0# - MAIN ENTRY--PERSONAL NAME
Personal name اکبت خاں
245 1# - TITLE STATEMENT
Title اسلحۂ جنگ /
Statement of responsibility, etc. اکبت خاں
260 ## - PUBLICATION, DISTRIBUTION, ETC. (IMPRINT)
Place of publication, distribution, etc. لاہور :
Name of publisher, distributor, etc. فیروز سنز،
Date of publication, distribution, etc. ۱۹۵۴۔
300 ## - PHYSICAL DESCRIPTION
Extent ص۔ ۱۱۵ ؛
Dimensions ۲۴ سم۔
650 0# - SUBJECT ADDED ENTRY--TOPICAL TERM
Topical term or geographic name as entry element Political siciences
942 ## - ADDED ENTRY ELEMENTS (KOHA)
Source of classification or shelving scheme
Koha item type Books
Holdings
Price effective from Date last seen Permanent Location Not for loan Date acquired Source of classification or shelving scheme Koha item type Lost status Withdrawn status Copy number Source of acquisition Collection code Damaged status Shelving location Barcode Current Location Full call number
2018-03-192018-03-19Dhaka University Library 2018-03-19 Books  1purchasedNon Fiction General StacksA120371Dhaka University Library320 AKA
Last Updated on September 15, 2019
© Dhaka University Library. All Rights Reserved|Staff Login